000 00691nam a2200229 i 4500
001 C2-0317979
003 PPAK
005 20180728114017.0
008 121003s1990 nyu |||| ||||| | eng d
020 _a087609082X
040 _aPPAK
_beng
_cPPAK
_erda
082 0 4 _a303.48273052
_223
090 0 0 _a303.48273052
_bSAM
_dR
245 0 0 _aSame bed different dreams :
_bAmerica and Japan-societies in transition
264 1 _aNew York :
_bCouncil on Foreign Relations Press ,
_c1990
300 _axi, 138 pages ;
_c23 cm
336 _2rdacontent
_atext
337 _2rdamedia
_aunmediated
338 _2rdacarrier
_avolume
650 1 0 _aUnited States - Relations - Japan
942 _ddc
_cB
999 _c118962
_d118962